01518cam a22002774a 450000100090000000300090000900500170001800800410003501000170007602000430009304000180013604200080015405000210016208200300018310000240021324501080023725000120034526000540035730000350041150200060044650400510045250506480050365000240115165000360117570000290121117356145USPCAS-E20180118181414.0120621s2013 njua b 001 0 eng  a 2012018961 a9780321815743 (hardcover : alk. paper) aDLCcDLCdDLC apcc00aTA190b.R48 201300a005.10684223bROB-M 20131 aRobertson, Suzanne.10aMastering the requirements process :bgetting requirements right /cSuzanne Robertson, James Robertson. a3rd ed. aUpper Saddle River, NJ :bAddison-Wesley,cc2013. axxvi, 541 p. :bill. ;c25 cm. a0 aIncludes bibliographical references and index.0 aSome fundamental truths -- The requirements process -- Scoping the business problem -- Business use cases -- Investigating the work -- Scenarios -- Understanding the real problem -- Starting the solution -- Strategies for today's business analyst -- Functional requirements -- Non-functional requirements -- Fit criteria and rationale -- The quality gateway -- Requirements and iterative development -- Reusing requirements -- Communicating the requirements -- Requirements completeness -- Volere requirements specification template -- Stakeholder management templates -- Function point counting : a simplified -- Requirements knowledge model. 0aProject management. 0aComputer softwarexDevelopment.1 aRobertson, James,d1944-